|
|
|
|
| LEADER |
01630nam a2200385 i 4500 |
| 001 |
EBC1134689 |
| 003 |
MiAaPQ |
| 005 |
20200520144314.0 |
| 006 |
m o d | |
| 007 |
cr cnu|||||||| |
| 008 |
160407t20122012njua o 000 0 eng d |
| 020 |
|
|
|z 9781118586907
|
| 020 |
|
|
|a 9781118586785
|q (electronic bk.)
|
| 035 |
|
|
|a (MiAaPQ)EBC1134689
|
| 035 |
|
|
|a (Au-PeEL)EBL1134689
|
| 035 |
|
|
|a (CaPaEBR)ebr11099117
|
| 035 |
|
|
|a (OCoLC)830166813
|
| 040 |
|
|
|a MiAaPQ
|b eng
|e rda
|e pn
|c MiAaPQ
|d MiAaPQ
|
| 043 |
|
|
|a f------
|
| 050 |
|
4 |
|a HD69.P75
|b .M363 2012
|
| 082 |
0 |
|
|a 658.404
|2 23
|
| 245 |
0 |
0 |
|a Managing projects in Africa :
|b essentials from the Project Management Journal.
|
| 264 |
|
1 |
|a Hoboken, New Jersey :
|b Project Management Institute,
|c 2012.
|
| 264 |
|
4 |
|c 2012
|
| 300 |
|
|
|a 1 online resource (309 pages) :
|b illustrations (some color)
|
| 336 |
|
|
|a text
|2 rdacontent
|
| 337 |
|
|
|a computer
|2 rdamedia
|
| 338 |
|
|
|a online resource
|2 rdacarrier
|
| 588 |
|
|
|a Description based on online resource; title from PDF cover (ebrary, viewed April 07, 2016).
|
| 590 |
|
|
|a Electronic reproduction. Ann Arbor, MI : ProQuest, 2016. Available via World Wide Web. Access may be limited to ProQuest affiliated libraries.
|
| 650 |
|
0 |
|a Project management
|z Africa.
|
| 655 |
|
4 |
|a Electronic books.
|
| 776 |
0 |
8 |
|i Print version:
|t Managing projects in Africa : essentials from the Project Management Journal.
|d Hoboken, New Jersey : Project Management Institute, c2012
|h 309 pages
|z 9781118586907
|
| 797 |
2 |
|
|a ProQuest (Firm)
|
| 856 |
4 |
0 |
|u https://ebookcentral.proquest.com/lib/matrademy/detail.action?docID=1134689
|z Click to View
|